000 00931nam a2200265 a 4500
005 20220519063917.0
008 991125s1990 ea 000 0 eng u
020 _a0852295316
035 _aUPN01000002471
049 _aCG
050 4 _aAC1
_bG7 1990 v.40
100 1 _aHamilton, Alexander,
_d1757-1804
_929267
245 1 0 _aAmerican state papers ; The federalist /
_cby Alexander Hamilton, James Madison and John Jay.
250 _a2a ed.
260 _aChicago, E.U.A. :
_bEncyclopaedia Britannica,
_c1990.
300 _a476 p.
440 0 _aGreat books of the western world ;
_v40
501 _aCon: On liberty ; Representative government ; Utilitariamism / by John Stuart Mill
500 _aBiografĂ­a: p.23-26
650 2 _aCiencia
_vColecciones
_99879
610 1 4 _aESTADOS UNIDOS.
_tCONSTITUCION
_923316
700 1 _aMadison, James,
_d1751-1836,
_ecoaut.
700 1 _aJay, John,
_d1745-1829,
_ecoaut.
905 _aLibro
999 _c2471
_d2471